[Event "FIDE WCC Blitz Women 2019"]
[Site "Moscow"]
[Date "2019.12.30"]
[Round "17.28"]
[White "Matveeva, Svetlana"]
[Black "Injac, Teodora"]
[Result "1-0"]
[WhiteElo "2239"]
[BlackElo "2236"]
[Annotator "NA"]
[PlyCount "89"]
[EventDate "2019.12.29"]
[EventType "swiss"]
[EventCountry "RUS"]
[SourceTitle "playchess.com"]
[Source "ChessBase"]
[SourceQuality "1"]

1. d4 Nf6 2. c4 g6 3. g3 Bg7 4. Bg2 O-O 5. Nc3 d6 6. Nf3 Nc6 7. d5 Na5 8. Nd2 c5 9. Rb1 a6 10. b3 Rb8 11. Bb2 b5 12. Qc2 e5 13. O-O Nh5 14. e4 f5 15. exf5 gxf5 16. Ba1 Bd7 17. f4 exf4 18. gxf4 Bd4+ 19. Kh1 bxc4 20. bxc4 Rxb1 21. Qxb1 Qf6 22. Ne2 Bxa1 23. Qxa1 Qxa1 24. Rxa1 Re8 25. Bf3 Nf6 26. Rb1 Ne4 27. Nxe4 fxe4 28. Bh5 Rf8 29. Rc1 Rb8 30. Rc2 Rb4 31. Ng3 Bh3 32. Kg1 e3 33. Be2 Rb1+ 34. Nf1 Bf5 35. Rc3 Rb2 36. Rxe3 Rxa2 37. Ng3 Bh3 38. f5 Ra1+ 39. Kf2 Ra2 40. Kf3 Rb2 41. Kf4 Nb3 42. Kg5 Nd4 43. Re8+ Kg7 44. f6+ Kf7 45. Bh5# 1-0

[Event "FIDE WCC Blitz Women 2019"]
[Site "Moscow"]
[Date "2019.12.30"]
[Round "17.29"]
[White "Girya, Olga"]
[Black "Semenova, Elena"]
[Result "1-0"]
[WhiteElo "2337"]
[BlackElo "2114"]
[Annotator "TA"]
[PlyCount "95"]
[EventDate "2019.12.29"]
[EventType "swiss"]
[EventCountry "RUS"]
[SourceTitle "playchess.com"]
[Source "ChessBase"]
[SourceQuality "1"]

1. d4 d5 2. c4 e5 3. dxe5 d4 4. Nf3 Nc6 5. Nbd2 Nge7 6. Nb3 Ng6 7. Nbxd4 Bb4+ 8. Bd2 Nxd4 9. Bxb4 Nxf3+ 10. exf3 Qxd1+ 11. Rxd1 Nxe5 12. Be2 Bd7 13. O-O O-O-O 14. Bc3 Rhe8 15. Rfe1 f6 16. f4 Nf7 17. Bh5 Rxe1+ 18. Rxe1 Nd6 19. b3 Bc6 20. Bg4+ f5 21. Bh3 g6 22. Bf6 Re8 23. Rxe8+ Bxe8 24. f3 Kd7 25. g4 Ke6 26. Bd4 b6 27. Be5 Bd7 28. Kf2 c5 29. Ke3 Nf7 30. Bb8 Nd6 31. Bxa7 Nc8 32. Bb8 Ne7 33. Bc7 Nc8 34. Bf1 Bc6 35. Bd3 h5 36. gxf5+ gxf5 37. a3 Be8 38. b4 Kd7 39. Bb8 Ke6 40. Be5 Ne7 41. b5 Nc8 42. Bc7 Kd7 43. Bb8 Ne7 44. a4 Bf7 45. Ba7 Kc7 46. a5 bxa5 47. Bxc5 a4 48. Bxe7 1-0

[Event "FIDE WCC Blitz Women 2019"]
[Site "Moscow"]
[Date "2019.12.30"]
[Round "17.30"]
[White "Guichard, Pauline"]
[Black "Guseva, Marina"]
[Result "1-0"]
[WhiteElo "2335"]
[BlackElo "2245"]
[Annotator "NA RC"]
[PlyCount "129"]
[EventDate "2019.12.29"]
[EventType "swiss"]
[EventCountry "RUS"]
[SourceTitle "playchess.com"]
[Source "ChessBase"]
[SourceQuality "1"]

1. c4 e5 2. Nc3 Nf6 3. Nf3 Nc6 4. e3 Bb4 5. Qc2 Bxc3 6. Qxc3 Qe7 7. d4 Ne4 8. Qd3 exd4 9. Nxd4 Qb4+ 10. Bd2 Qxd2+ 11. Qxd2 Nxd2 12. Kxd2 Nxd4 13. exd4 d6 14. Re1+ Kd8 15. Bd3 h6 16. h4 Re8 17. Be4 Bd7 18. Re3 c6 19. h5 Re6 20. Rhe1 Ke7 21. d5 cxd5 22. cxd5 Re5 23. f4 Rxe4 24. Rxe4+ Kf6 25. Rb4 b6 26. Rc4 Bg4 27. Rc7 Bxh5 28. Rd7 Kf5 29. g3 Kg4 30. Re3 Bg6 31. Rxd6 Rc8 32. Rc3 Re8 33. Rd7 a5 34. d6 Re4 35. Rc6 Rd4+ 36. Ke3 Rd3+ 37. Ke2 Kxg3 38. Re7 Rd5 39. Rxb6 Bd3+ 40. Ke3 Bf5 41. Re5 Rd3+ 42. Ke2 Bh7 43. f5 Rd4 44. Ke3 Rd1 45. Rxa5 g6 46. f6 g5 47. Ra7 Bg6 48. d7 Bf5 49. Rbb7 h5 50. Ke2 Rd6 51. Rb5 Bxd7 52. Rxg5+ Kf4 53. Rg7 Be6 54. Ra4+ Kf5 55. Rh7 Kxf6 56. Rxh5 Rb6 57. b3 Rc6 58. Kd2 Kg6 59. Rh2 f5 60. Rg2+ Kf6 61. Rh4 Ra6 62. Rh6+ Kf7 63. a4 Ra7 64. Rh7+ Kf6 65. Rxa7 1-0

[Event "FIDE WCC Blitz Women 2019"]
[Site "Moscow"]
[Date "2019.12.30"]
[Round "17.31"]
[White "Nomin-Erdene, Davaademberel"]
[Black "Dordzhieva, Dinara"]
[Result "1-0"]
[WhiteElo "2298"]
[BlackElo "2222"]
[Annotator "NA"]
[PlyCount "203"]
[EventDate "2019.12.29"]
[EventType "swiss"]
[EventCountry "RUS"]
[SourceTitle "playchess.com"]
[Source "ChessBase"]
[SourceQuality "1"]

1. e4 c5 2. Nf3 d6 3. d4 cxd4 4. Nxd4 Nf6 5. Nc3 a6 6. Be3 e6 7. f3 h5 8. Qd2 b5 9. Bd3 Bb7 10. O-O-O Nbd7 11. g3 Rc8 12. h3 Qc7 13. g4 Ne5 14. Kb1 g6 15. Nce2 Nc4 16. Bxc4 Qxc4 17. Nb3 Qc7 18. Bd4 e5 19. Bc3 Be7 20. Ng3 Bc6 21. Nf1 h4 22. Ne3 O-O 23. Qf2 Rfd8 24. g5 Nh5 25. Ba5 Qd7 26. Bxd8 Qxd8 27. Rhg1 Bxg5 28. Ng4 Qe7 29. Nc1 Nf4 30. Qf1 a5 31. Nd3 Nh5 32. Qe2 b4 33. Nc1 Nf4 34. Qf2 Nxh3 35. Qb6 Nxg1 36. Rxg1 Ba4 37. b3 Bd7 38. Qxa5 h3 39. Rh1 Bxg4 40. fxg4 Bxc1 41. Rxc1 Qg5 42. Qxb4 Qxg4 43. Qxd6 Qxe4 44. Qd7 Qf5 45. Qd2 Kg7 46. Rh1 Rh8 47. Rh2 Rh4 48. a4 e4 49. Qd4+ Qf6 50. Qe3 Rf4 51. c3 Rf1+ 52. Ka2 Rf3 53. Qxe4 Rxc3 54. Qe2 Rc1 55. Qb2 Qxb2+ 56. Kxb2 Rg1 57. Rxh3 f5 58. b4 f4 59. a5 Re1 60. a6 Re7 61. b5 g5 62. b6 g4 63. Rh4 Kf6 64. Rxg4 Kf5 65. Rxf4+ Kxf4 66. a7 Rb7 67. a8=Q Rxb6+ 68. Kc3 Rf6 69. Qd5 Rf5 70. Qd4+ Kg5 71. Kd3 Rf4 72. Qg7+ Kf5 73. Qh7+ Kg5 74. Ke3 Rf5 75. Qg7+ Kh5 76. Ke4 Rg5 77. Qh7+ Kg4 78. Qh2 Rg6 79. Qf4+ Kh5 80. Qf7 Kh6 81. Kf4 Rg7 82. Qf8 Kh7 83. Kf5 Rg5+ 84. Kf4 Rg7 85. Qf5+ Rg6 86. Ke5 Kh6 87. Qh3+ Kg7 88. Qd7+ Kh6 89. Kf5 Rg5+ 90. Kf4 Rg6 91. Qe7 Rg7 92. Qh4+ Kg6 93. Qg5+ Kh7 94. Qh5+ Kg8 95. Ke5 Rf7 96. Ke6 Rf8 97. Qg6+ Kh8 98. Ke7 Rf7+ 99. Ke6 Rf8 100. Qh5+ Kg7 101. Ke7 Rf6 102. Qe5 1-0

[Event "FIDE WCC Blitz Women 2019"]
[Site "Moscow"]
[Date "2019.12.30"]
[Round "17.32"]
[White "Kovalevskaya, Ekaterina"]
[Black "Shumilina, Alexandra"]
[Result "1/2-1/2"]
[WhiteElo "2286"]
[BlackElo "2139"]
[Annotator "NA"]
[PlyCount "81"]
[EventDate "2019.12.29"]
[EventType "swiss"]
[EventCountry "RUS"]
[SourceTitle "playchess.com"]
[Source "ChessBase"]
[SourceQuality "1"]

1. e4 c5 2. Nf3 d6 3. Bb5+ Bd7 4. Bxd7+ Qxd7 5. O-O Nc6 6. c3 e6 7. d4 Nf6 8. d5 Ne5 9. Nxe5 dxe5 10. dxe6 Qxe6 11. Qa4+ Qd7 12. Qxd7+ Kxd7 13. f3 Be7 14. Be3 b5 15. a4 a6 16. Na3 Kc6 17. axb5+ axb5 18. Nc2 c4 19. Kf2 Rhd8 20. Ke2 Ne8 21. Rxa8 Rxa8 22. Ra1 Rxa1 23. Nxa1 Nc7 24. Nc2 Ne6 25. g3 Bc5 26. Bxc5 Nxc5 27. Nb4+ Kd6 28. Kd2 g6 29. Nc2 f5 30. exf5 gxf5 31. Ne3 Ke6 32. Nd1 h5 33. Ne3 f4 34. gxf4 exf4 35. Nd1 Kf5 36. Nf2 Ke5 37. Kc2 Kf5 38. Kd2 Ke5 39. Kc2 Kf5 40. Kd2 Ke5 41. Kc2 1/2-1/2

[Event "FIDE WCC Blitz Women 2019"]
[Site "Moscow"]
[Date "2019.12.30"]
[Round "17.33"]
[White "Ambartsumova, Karina"]
[Black "Dauletova, Gulmira"]
[Result "1-0"]
[WhiteElo "2254"]
[BlackElo "2112"]
[Annotator "NA"]
[PlyCount "107"]
[EventDate "2019.12.29"]
[EventType "swiss"]
[EventCountry "RUS"]
[SourceTitle "playchess.com"]
[Source "ChessBase"]
[SourceQuality "1"]

1. c4 e5 2. Nc3 Nf6 3. Nf3 Nc6 4. a3 a5 5. e3 d6 6. d4 e4 7. Nd2 Bf5 8. Be2 h5 9. Rb1 Qe7 10. b4 axb4 11. axb4 g6 12. b5 Nb8 13. Bb2 Nbd7 14. Ra1 Rb8 15. Nb3 Bg7 16. Qc2 h4 17. h3 O-O 18. Ba3 b6 19. Na2 Ra8 20. Nb4 Nb8 21. Bb2 Rxa1+ 22. Bxa1 d5 23. c5 bxc5 24. dxc5 Rd8 25. Bd4 Ne8 26. Bxg7 Nxg7 27. Nd4 Ne6 28. Ndc6 Nxc6 29. Nxc6 Qxc5 30. Qxc5 Nxc5 31. Nxd8 Nb3 32. O-O d4 33. exd4 Nxd4 34. Bc4 Kf8 35. Nxf7 Ke7 36. Ne5 Nc2 37. Rc1 Na3 38. Be2 Kd6 39. Nc4+ Nxc4 40. Rxc4 Bd7 41. Rxe4 Bf5 42. Rxh4 Kc5 43. Rc4+ Kxb5 44. Rxc7+ Kb6 45. Rc1 Kb7 46. g4 Be4 47. h4 Kb6 48. h5 gxh5 49. gxh5 Kb7 50. Kh2 Kb6 51. Kg3 Kb7 52. Bf3 Bxf3 53. Kxf3 Kb6 54. h6 1-0

[Event "FIDE WCC Blitz Women 2019"]
[Site "Moscow"]
[Date "2019.12.30"]
[Round "17.34"]
[White "Nebolsina, Vera"]
[Black "Geller, Anastasiya"]
[Result "0-1"]
[WhiteElo "2252"]
[BlackElo "2073"]
[Annotator "NA"]
[PlyCount "68"]
[EventDate "2019.12.29"]
[EventType "swiss"]
[EventCountry "RUS"]
[SourceTitle "playchess.com"]
[Source "ChessBase"]
[SourceQuality "1"]

1. e4 c6 2. Nf3 d5 3. exd5 Qxd5 4. Nc3 Qa5 5. Bc4 Nf6 6. d3 g6 7. Bd2 Qc7 8. Qe2 Bg7 9. Ne5 O-O 10. f4 b5 11. Bb3 a5 12. a4 b4 13. Ne4 Nxe4 14. Qxe4 Bf5 15. Qe2 Nd7 16. d4 c5 17. Be3 cxd4 18. Bxd4 Nc5 19. Bc4 Ne6 20. Bxe6 Bxe6 21. O-O Rfd8 22. c3 bxc3 23. Bxc3 Rac8 24. Rfd1 Qb7 25. Qf2 h5 26. Bxa5 Rd5 27. Bc3 Rcd8 28. Rxd5 Rxd5 29. a5 Qa6 30. Qf1 Rb5 31. Rd1 Bb3 32. Rd8+ Kh7 33. Kh1 Rxa5 34. Bxa5 Qxf1# 0-1

[Event "FIDE WCC Blitz Women 2019"]
[Site "Moscow"]
[Date "2019.12.30"]
[Round "17.35"]
[White "Enkhtuul, Altan-Ulzii"]
[Black "Mammadzada, Gunay"]
[Result "0-1"]
[WhiteElo "2149"]
[BlackElo "2314"]
[Annotator "NA"]
[PlyCount "58"]
[EventDate "2019.12.29"]
[EventType "swiss"]
[EventCountry "RUS"]
[SourceTitle "playchess.com"]
[Source "ChessBase"]
[SourceQuality "1"]

1. d4 d5 2. Nf3 Nf6 3. g3 g6 4. Bg2 Bg7 5. O-O c6 6. c4 dxc4 7. Ne5 Ng4 8. Nxg4 Bxg4 9. h3 Be6 10. e3 Nd7 11. Kh2 Nb6 12. Na3 O-O 13. Qe2 Qd7 14. Rd1 f5 15. Bd2 Bd5 16. f3 Bf7 17. Ba5 Qd5 18. Qe1 Na4 19. e4 fxe4 20. fxe4 Qd7 21. Qb4 b5 22. b3 Nb2 23. Rd2 Nd3 24. Rxd3 cxd3 25. e5 Bd5 26. Bf1 Qf5 27. Qd2 Bh6 28. Qe1 Qf3 29. Bxd3 Qg2# 0-1

[Event "FIDE WCC Blitz Women 2019"]
[Site "Moscow"]
[Date "2019.12.30"]
[Round "17.36"]
[White "Zhuravleva, Olga"]
[Black "Maltsevskaya, Aleksandra"]
[Result "0-1"]
[WhiteElo "2127"]
[BlackElo "2280"]
[Annotator "NA"]
[PlyCount "80"]
[EventDate "2019.12.29"]
[EventType "swiss"]
[EventCountry "RUS"]
[SourceTitle "playchess.com"]
[Source "ChessBase"]
[SourceQuality "1"]

1. e4 c5 2. Nf3 e6 3. d4 cxd4 4. Nxd4 Nc6 5. Nc3 Nf6 6. a3 Qa5 7. Nb3 Qc7 8. Bd3 Be7 9. O-O O-O 10. f4 d6 11. Kh1 a6 12. Qf3 b5 13. Bd2 Bb7 14. Rae1 e5 15. Nd5 Qd8 16. Qh3 Bc8 17. Nxe7+ Qxe7 18. Qf3 Bg4 19. Qf2 Be6 20. Nc1 exf4 21. Bxf4 Ng4 22. Qg3 Nge5 23. Ne2 Kh8 24. h3 Rad8 25. Rd1 Nxd3 26. cxd3 Bb3 27. Rc1 Ne5 28. d4 Bc4 29. dxe5 Bxe2 30. Rfe1 dxe5 31. Bxe5 f6 32. Bc7 Rd2 33. Qc3 Rd3 34. Qc6 Bh5 35. Ba5 Re8 36. Bb4 Qf7 37. Qxa6 Rg3 38. Qxb5 Qg6 39. Rc2 Bf3 40. Rg1 Rxh3# 0-1

[Event "FIDE WCC Blitz Women 2019"]
[Site "Moscow"]
[Date "2019.12.30"]
[Round "17.37"]
[White "Fominykh, Maria"]
[Black "Potapova, Margarita"]
[Result "0-1"]
[WhiteElo "2055"]
[BlackElo "2259"]
[Annotator "NA"]
[PlyCount "92"]
[EventDate "2019.12.29"]
[EventType "swiss"]
[EventCountry "RUS"]
[SourceTitle "playchess.com"]
[Source "ChessBase"]
[SourceQuality "1"]

1. Nf3 Nf6 2. g3 b6 3. Bg2 Bb7 4. O-O e6 5. d3 c5 6. e4 Be7 7. Nbd2 d6 8. c3 Nbd7 9. Re1 O-O 10. a3 Ne5 11. Nxe5 dxe5 12. Nc4 Qc7 13. a4 Rfd8 14. Qc2 a6 15. Bf3 b5 16. Nxe5 Bd6 17. Ng4 Nxg4 18. Bxg4 Be5 19. Bg5 Rd7 20. axb5 axb5 21. Rxa8+ Bxa8 22. Ra1 Bc6 23. Be3 h6 24. Be2 Bd6 25. d4 c4 26. Rd1 Qb7 27. Bf3 b4 28. d5 Bb5 29. cxb4 e5 30. Bc5 Qc7 31. Bxd6 Qxd6 32. Qc3 Ra7 33. Be2 Kh7 34. b3 Ra3 35. Bxc4 Bd7 36. b5 Qc5 37. Ra1 Rxa1+ 38. Qxa1 Bh3 39. Qxe5 Qa3 40. Qc3 Qa2 41. Qe1 Qb2 42. b6 Qd4 43. b7 Qb6 44. d6 Qxb7 45. Qd2 Qa7 46. e5 Qa1+ 0-1

[Event "FIDE WCC Blitz Women 2019"]
[Site "Moscow"]
[Date "2019.12.30"]
[Round "17.38"]
[White "Solozhenkina, Elizaveta"]
[Black "Mikhaylova, Irina"]
[Result "1-0"]
[WhiteElo "2214"]
[BlackElo "2090"]
[Annotator "NA"]
[PlyCount "95"]
[EventDate "2019.12.29"]
[EventType "swiss"]
[EventCountry "RUS"]
[SourceTitle "playchess.com"]
[Source "ChessBase"]
[SourceQuality "1"]

1. Nf3 Nf6 2. g3 g6 3. d4 Bg7 4. Bg2 O-O 5. O-O d5 6. c3 Bf5 7. Nbd2 c6 8. Nh4 Bc8 9. Re1 Nbd7 10. e4 dxe4 11. Nxe4 Nxe4 12. Bxe4 e5 13. dxe5 Nxe5 14. Qc2 Be6 15. Bf4 Nd7 16. Nf3 Qb6 17. Be3 Qc7 18. Ng5 Bd5 19. Bxd5 cxd5 20. Rad1 Nf6 21. Bf4 Qa5 22. a3 Rfe8 23. Be5 Rad8 24. Re2 h6 25. Nf3 Ne4 26. Bxg7 Kxg7 27. Nd4 Nf6 28. Rde1 Rxe2 29. Rxe2 a6 30. Qd3 Qc7 31. f3 Qd7 32. Kg2 Re8 33. Re3 Rxe3 34. Qxe3 Qe8 35. Kf2 Qxe3+ 36. Kxe3 Kf8 37. Ne2 Ke7 38. Kd4 Kd6 39. Nf4 g5 40. Nd3 Nd7 41. Nb4 Nf6 42. a4 a5 43. Nd3 Nd7 44. b4 b6 45. f4 f6 46. Nc1 Nf8 47. bxa5 bxa5 48. Nb3 1-0

[Event "FIDE WCC Blitz Women 2019"]
[Site "Moscow"]
[Date "2019.12.30"]
[Round "17.39"]
[White "Song, Yuxin"]
[Black "Hejazipour, Mitra"]
[Result "1/2-1/2"]
[WhiteElo "2128"]
[BlackElo "2191"]
[Annotator "NA"]
[PlyCount "89"]
[EventDate "2019.12.29"]
[EventType "swiss"]
[EventCountry "RUS"]
[SourceTitle "playchess.com"]
[Source "ChessBase"]
[SourceQuality "1"]

1. e4 c5 2. Nf3 d6 3. Bb5+ Nd7 4. d4 cxd4 5. Qxd4 a6 6. Bxd7+ Bxd7 7. c4 e5 8. Qd3 b5 9. Nc3 bxc4 10. Qxc4 h6 11. O-O Nf6 12. Rd1 Be7 13. Nd2 O-O 14. Nf1 Be6 15. Qd3 Qd7 16. Ne3 Rfd8 17. Ncd5 Qb7 18. b3 Rac8 19. Ba3 Nxd5 20. Nxd5 Bg5 21. Ne3 Be7 22. Nd5 Bg5 23. Ne3 Rc6 24. Rac1 Rxc1 25. Bxc1 Be7 26. Ba3 Rc8 27. Nd5 Bxd5 28. Qxd5 Qxd5 29. Rxd5 Rc2 30. g3 Rxa2 31. Bxd6 Bxd6 32. Rxd6 f6 33. Kg2 Kf7 34. Rd7+ Kg6 35. Ra7 h5 36. h4 a5 37. b4 a4 38. b5 Rb2 39. Rxa4 Rxb5 40. Ra6 Rb7 41. Rc6 Kf7 42. Kf3 Ke7 43. Ke3 Rb3+ 44. Ke2 Rb4 45. Ke3 1/2-1/2

[Event "FIDE WCC Blitz Women 2019"]
[Site "Moscow"]
[Date "2019.12.30"]
[Round "17.40"]
[White "Bivol, Alina"]
[Black "Diakonova, Ekaterina"]
[Result "1/2-1/2"]
[WhiteElo "2186"]
[BlackElo "2090"]
[Annotator "NA"]
[PlyCount "116"]
[EventDate "2019.12.29"]
[EventType "swiss"]
[EventCountry "RUS"]
[SourceTitle "playchess.com"]
[Source "ChessBase"]
[SourceQuality "1"]

1. c4 Nf6 2. g3 g6 3. Bg2 c5 4. Nf3 Bg7 5. O-O Nc6 6. Nc3 O-O 7. d4 cxd4 8. Nxd4 Qb6 9. Nb3 d6 10. Be3 Qd8 11. Nd4 Bd7 12. b3 Nxd4 13. Bxd4 Bc6 14. e4 e5 15. Be3 Qa5 16. Qc2 Rac8 17. Rfd1 Rfd8 18. a3 b5 19. b4 Qa6 20. c5 dxc5 21. Bxc5 Bf8 22. Bxf8 Kxf8 23. Rxd8+ Rxd8 24. Rd1 Rxd1+ 25. Qxd1 Ke7 26. Qd3 Qb6 27. Nd5+ Nxd5 28. exd5 Bd7 29. h3 Qd4 30. Qc2 Qc4 31. Qb2 Qd4 32. Qe2 f5 33. Kh2 e4 34. g4 Kd6 35. gxf5 gxf5 36. Qh5 Qe5+ 37. Kg1 Qa1+ 38. Kh2 Qe5+ 39. Kg1 Qa1+ 40. Bf1 Qg7+ 41. Kh1 Kxd5 42. Bxb5 Bxb5 43. Qxf5+ Kc6 44. Qc5+ Kd7 45. Qxb5+ Ke6 46. Qc6+ Kf5 47. Qc5+ Kf4 48. Qe3+ Kf5 49. f3 Qa1+ 50. Kh2 Qb2+ 51. Kg3 Qg7+ 52. Kf2 Qb2+ 53. Qe2 Qd4+ 54. Kg2 Qg7+ 55. Kh1 Qa1+ 56. Kh2 Qe5+ 57. Kg2 Qg7+ 58. Kf2 Qd4+ 1/2-1/2

[Event "FIDE WCC Blitz Women 2019"]
[Site "Moscow"]
[Date "2019.12.30"]
[Round "17.41"]
[White "Tsogzolmaa, Nanjid"]
[Black "Styazhkina, Anna"]
[Result "0-1"]
[WhiteElo "1775"]
[BlackElo "2159"]
[Annotator "NA"]
[PlyCount "70"]
[EventDate "2019.12.29"]
[EventType "swiss"]
[EventCountry "RUS"]
[SourceTitle "playchess.com"]
[Source "ChessBase"]
[SourceQuality "1"]

1. d4 d5 2. Nf3 Nf6 3. Bf4 c5 4. e3 Nc6 5. Nbd2 Bg4 6. c3 e6 7. Qb3 Qb6 8. Ne5 c4 9. Qc2 Bf5 10. Qc1 Be7 11. Be2 O-O 12. O-O h6 13. h3 Nxe5 14. Bxe5 Ne4 15. Nxe4 Bxe4 16. f3 Bg6 17. Kh1 Rac8 18. Qd2 Qc6 19. Rad1 b5 20. Bg3 a5 21. f4 Be4 22. Bf3 Bxf3 23. Rxf3 f5 24. Rff1 b4 25. Be1 Rb8 26. Qe2 Qa4 27. Bf2 bxc3 28. bxc3 Rb6 29. Rb1 Rfb8 30. Rxb6 Rxb6 31. g4 fxg4 32. Qxg4 Qc2 33. Rg1 Bf6 34. Bh4 Rb2 35. Bg3 Qe4+ 0-1

[Event "FIDE WCC Blitz Women 2019"]
[Site "Moscow"]
[Date "2019.12.30"]
[Round "17.42"]
[White "Khomeriki, Nino"]
[Black "Gevorgyan, Maria"]
[Result "1-0"]
[WhiteElo "2177"]
[BlackElo "2244"]
[Annotator "NA"]
[PlyCount "53"]
[EventDate "2019.12.29"]
[EventType "swiss"]
[EventCountry "RUS"]
[SourceTitle "playchess.com"]
[Source "ChessBase"]
[SourceQuality "1"]

1. d4 d5 2. c4 dxc4 3. Nf3 Nf6 4. e3 e6 5. Bxc4 a6 6. O-O c5 7. b3 b5 8. Be2 Bb7 9. dxc5 Qxd1 10. Rxd1 Bxc5 11. Bb2 Ke7 12. Nbd2 Nbd7 13. Rac1 Rac8 14. a4 bxa4 15. bxa4 Bb4 16. Nc4 Bc6 17. Ra1 Nc5 18. Nd4 Bxa4 19. Rdb1 a5 20. Nb6 Rb8 21. Nxa4 Nxa4 22. Rxa4 Rhc8 23. Raa1 Ne4 24. Rc1 e5 25. Nc6+ Rxc6 26. Rxc6 Bd2 27. Bxe5 1-0

[Event "FIDE WCC Blitz Women 2019"]
[Site "Moscow"]
[Date "2019.12.30"]
[Round "17.43"]
[White "Doluhanova, Evgeniya"]
[Black "Nosacheva, Mariya"]
[Result "1-0"]
[WhiteElo "2222"]
[BlackElo "2062"]
[Annotator "NA"]
[PlyCount "103"]
[EventDate "2019.12.29"]
[EventType "swiss"]
[EventCountry "RUS"]
[SourceTitle "playchess.com"]
[Source "ChessBase"]
[SourceQuality "1"]

1. e4 e5 2. Nf3 Nc6 3. Bb5 a6 4. Ba4 Nf6 5. d3 d6 6. Nbd2 b5 7. Bb3 Be7 8. Nf1 Na5 9. Ne3 Nxb3 10. axb3 h6 11. O-O O-O 12. Bd2 Bb7 13. Nf5 d5 14. Nxe5 dxe4 15. d4 Bd6 16. Qe2 c5 17. c3 Re8 18. Bxh6 g6 19. Ne3 Bxe5 20. dxe5 Rxe5 21. Bf4 Re8 22. Bg5 Kg7 23. Rad1 Qb6 24. b4 c4 25. Ng4 Nxg4 26. Qxg4 a5 27. Be3 Qe6 28. Bd4+ f6 29. Qf4 Bd5 30. Bc5 Rad8 31. Qc7+ Rd7 32. Qxa5 Rh8 33. Qxb5 Qe5 34. Qxd7+ Bf7 35. g3 Qh5 36. h4 Qf3 37. Bd4 Rh5 38. Qh3 Rf5 39. Be3 Be6 40. Qg2 Qg4 41. Rd4 Rf3 42. Rfd1 Qh5 43. Bf4 g5 44. hxg5 Bh3 45. Qh2 fxg5 46. Be5+ Kg6 47. Rd6+ Kf7 48. Rd7+ Ke6 49. R7d5 Rd3 50. R5xd3 cxd3 51. Ra1 Kxe5 52. g4+ 1-0

[Event "FIDE WCC Blitz Women 2019"]
[Site "Moscow"]
[Date "2019.12.30"]
[Round "17.44"]
[White "Manakova, Maria"]
[Black "Belenkaya, Dina"]
[Result "0-1"]
[WhiteElo "2149"]
[BlackElo "2203"]
[Annotator "NA"]
[PlyCount "84"]
[EventDate "2019.12.29"]
[EventType "swiss"]
[EventCountry "RUS"]
[SourceTitle "playchess.com"]
[Source "ChessBase"]
[SourceQuality "1"]

1. e4 d5 2. exd5 Qxd5 3. Nc3 Qa5 4. d4 c6 5. Nf3 Bf5 6. Bd2 e6 7. Bc4 Qb6 8. Bb3 Nf6 9. h3 Be7 10. O-O O-O 11. Na4 Qc7 12. Nh4 Bg6 13. Nxg6 hxg6 14. Nc3 a5 15. a4 Rd8 16. Ne2 c5 17. c3 c4 18. Ba2 Nd5 19. Re1 Nd7 20. Ng3 N7f6 21. Qe2 Rac8 22. Nf1 Bd6 23. Ne3 Nxe3 24. Bxe3 Nd5 25. Bg5 Rd7 26. h4 Nf4 27. Bxf4 Bxf4 28. h5 gxh5 29. Qxh5 Rd5 30. Qe2 g6 31. Rab1 Kg7 32. g3 Rg5 33. Kf1 Rh8 34. Qxc4 Qd6 35. Ke2 Bxg3 36. fxg3 Qxg3 37. Kd1 Rh2 38. Qf1 Rf5 39. Qg1 Qf3+ 40. Kc1 Qf4+ 41. Qe3 Qxe3+ 42. Rxe3 Rf1+ 0-1

[Event "FIDE WCC Blitz Women 2019"]
[Site "Moscow"]
[Date "2019.12.30"]
[Round "17.45"]
[White "Paramzina, Anastasya"]
[Black "Shafigullina, Zarina"]
[Result "0-1"]
[WhiteElo "2203"]
[BlackElo "2052"]
[Annotator "NA"]
[PlyCount "78"]
[EventDate "2019.12.29"]
[EventType "swiss"]
[EventCountry "RUS"]
[SourceTitle "playchess.com"]
[Source "ChessBase"]
[SourceQuality "1"]

1. e4 c5 2. Nf3 Nc6 3. d4 cxd4 4. Nxd4 e5 5. Nb5 d6 6. c4 a6 7. N5c3 Nf6 8. Be2 Nd4 9. O-O Be7 10. Be3 Nxe2+ 11. Qxe2 Be6 12. f3 Rc8 13. b3 O-O 14. Rc1 Qd7 15. Nd2 Bd8 16. Kh1 Ba5 17. Bg5 b5 18. Bxf6 gxf6 19. Nd5 Bxd5 20. cxd5 Qa7 21. Nf1 Qd4 22. Rd1 Qb6 23. Ne3 Rc3 24. Nf5 Kh8 25. Qe1 Rg8 26. Qh4 Rg6 27. Ne7 Rg5 28. Qh6 Qd8 29. Rac1 Qxe7 30. Rxc3 Bxc3 31. Rc1 b4 32. a3 a5 33. axb4 axb4 34. h4 Rg6 35. Qh5 Qa7 36. Qf5 Qf2 37. Qh3 Rg3 38. Qc8+ Kg7 39. Rg1 Bd4 0-1

[Event "FIDE WCC Blitz Women 2019"]
[Site "Moscow"]
[Date "2019.12.30"]
[Round "17.46"]
[White "Lysenko, Margarita"]
[Black "Barchuk, Irina"]
[Result "0-1"]
[WhiteElo "2188"]
[BlackElo "2047"]
[Annotator "NA"]
[PlyCount "144"]
[EventDate "2019.12.29"]
[EventType "swiss"]
[EventCountry "RUS"]
[SourceTitle "playchess.com"]
[Source "ChessBase"]
[SourceQuality "1"]

1. d4 Nf6 2. c4 g6 3. Nf3 Bg7 4. g3 O-O 5. Bg2 d6 6. O-O Nc6 7. Nc3 Bf5 8. Bg5 Ne4 9. Nxe4 Bxe4 10. d5 Bxf3 11. exf3 Nd4 12. Be3 c5 13. dxc6 Nxc6 14. f4 Bxb2 15. Rb1 Bg7 16. Rxb7 Na5 17. Rxa7 Rxa7 18. Bxa7 Nxc4 19. Qc2 d5 20. Bc5 Re8 21. Rd1 e6 22. Bf1 Qa5 23. Bd4 Bxd4 24. Rxd4 Na3 25. Qb3 Ra8 26. Rb4 Nc4 27. a4 Nd6 28. Rb8+ Kg7 29. Qb2+ f6 30. Qb4 Qxb4 31. Rxb4 Kf7 32. Kg2 Ke7 33. Bd3 Kd7 34. h4 e5 35. fxe5 fxe5 36. h5 e4 37. Be2 gxh5 38. Bxh5 Kc6 39. Be2 Kc5 40. Rb2 Rxa4 41. Rb8 Ra7 42. g4 d4 43. Rd8 d3 44. Bf1 Ra1 45. g5 d2 46. Be2 d1=Q 47. Bxd1 Rxd1 48. Rd7 Rd5 49. Rxh7 Rxg5+ 50. Kf1 Rf5 51. Ke2 Kd5 52. Ra7 Nc4 53. Rb7 Kd4 54. Rd7+ Ke5 55. Re7+ Kf4 56. Rc7 Ne5 57. Rh7 Rf6 58. Rh4+ Ng4 59. Rh8 Rf7 60. Ra8 Kg5 61. Ra5+ Kh4 62. Ra4 Rxf2+ 63. Ke1 Rf4 64. Ke2 Kg3 65. Ra3+ Rf3 66. Ra4 e3 67. Ra3 Rf2+ 68. Ke1 Kf3 69. Ra8 Rh2 70. Rf8+ Ke4 71. Re8+ Ne5 72. Rf8 Nd3+ 0-1

[Event "FIDE WCC Blitz Women 2019"]
[Site "Moscow"]
[Date "2019.12.30"]
[Round "17.47"]
[White "Kulon, Klaudia"]
[Black "Khokhlova, Daria"]
[Result "1-0"]
[WhiteElo "2457"]
[BlackElo "2109"]
[Annotator "ChessBase"]
[PlyCount "97"]
[EventDate "2019.12.29"]
[EventType "swiss"]
[EventCountry "RUS"]
[SourceTitle "playchess.com"]
[Source "ChessBase"]
[SourceQuality "1"]

1. c4 Nf6 2. g3 g6 3. Bg2 Bg7 4. Nc3 O-O 5. e3 e5 6. Nge2 d6 7. O-O c6 8. h3 Be6 9. d3 d5 10. cxd5 cxd5 11. d4 e4 12. b3 Nc6 13. Ba3 Re8 14. Rc1 Qa5 15. Bb2 Rac8 16. Qd2 Bf8 17. a3 a6 18. b4 Qd8 19. Na4 b6 20. Rc2 Na7 21. Nf4 Rxc2 22. Qxc2 Bd7 23. Nc3 Bc6 24. Rc1 Bb7 25. Bf1 Bd6 26. Na4 Nd7 27. Qd2 Bxf4 28. exf4 f5 29. Nc3 Nf6 30. a4 Qd7 31. b5 a5 32. Ba3 Rc8 33. Nd1 Ne8 34. Ne3 Rxc1 35. Qxc1 Nd6 36. Qc2 Nac8 37. g4 Ne7 38. Bg2 Kf7 39. f3 exf3 40. Bxf3 Ne4 41. gxf5 Nxf5 42. Ng4 Nxd4 43. Ne5+ Kg8 44. Qg2 Nxf3+ 45. Qxf3 Qc7 46. Qg4 Bc8 47. Qh4 Qb7 48. Qd8+ Kg7 49. Qf8# 1-0